000 00779nam a2200205Ia 4500
005 20241216011500.0
008 190429s9999||||xx |||||||||||||| ||und||
082 _a339.21
_bM43
100 _aLUCIANO MARCELO SULMA MARIA, MERCADO TORRES ALCIDES ABEL
245 0 _aINFLUENCIA DEL INCUMPLIMIENTO DEL ASPECTO LEGAL DE LA PARTICIPACION DE UTILIDADES Y SU EFECTO EN EL IMPUESTO A LA RENTA E INFRACCIONES TRIBUTARIAS EN LAS EMPRESAS DE SERVICIOS EN LA PROVINCIA DE PASCO
250 _a0
260 _aCERRO DE PASCO-PERU
_bUNDAC
_c1999
300 _a135 pag.
_c30 cm.
341 _h0
490 _v0
_a0
505 _aDISTRIBUCION DE UTILIDADES/PARTICIPACION DE TRABAJADORES
541 _aD
_bMERCADO TORRES, ALCIDES
_d28-Feb-02
_oSoles
650 _aContabilidad
942 _cTESIS
999 _c43075
_d43075